[Event "1st Metropolitan International"]
[Site "Los Angeles"]
[Date "2011.08.19"]
[Round "4"]
[White "Ulrich, Thomas"]
[Black "Troff, Kayden"]
[Result "0-1"]
[WhiteElo "2093"]
[BlackElo "2282"]
[PlyCount "92"]
[EventDate "2011.08.17"]
[EventType "swiss"]
[EventRounds "9"]
[EventCountry "USA"]
[SourceDate "2011.08.22"]

1. d4 Nf6 2. c4 g6 3. g3 c6 4. Nf3 Bg7 5. Bg2 O-O 6. O-O d5 7. b3 dxc4 8. bxc4
c5 9. Bb2 Qb6 10. Qb3 Ne4 11. e3 Nd6 12. Nbd2 Nc6 13. Qa3 cxd4 14. c5 Nb5 15.
cxb6 Nxa3 16. Bxa3 dxe3 17. fxe3 axb6 18. Bxe7 Nxe7 19. Rab1 Rxa2 20. Rxb6 Nf5
21. Rb3 Bh6 22. Re1 Re8 23. Nf1 Re7 24. g4 Nd6 25. Rd3 Ra6 26. Red1 Ne8 27. g5
Bg7 28. Ng3 Be6 29. Rd8 Bb3 30. R1d7 Rxd7 31. Rxd7 b5 32. Rb7 Bc4 33. Nd2 Nd6
34. Rb8+ Bf8 35. Nge4 Kg7 36. Nxc4 bxc4 37. Nxd6 Bxd6 38. Rc8 Ra1+ 39. Bf1
Bxh2+ 40. Kg2 Bd6 41. Rc6 Be7 42. Rc7 Bd8 43. Rd7 c3 44. Bc4 Bxg5 45. Rxf7+ Kh6
46. Rc7 Bd8 0-1

[Event "1st Metropolitan International"]
[Site "Los Angeles"]
[Date "2011.08.19"]
[Round "4"]
[White "Viswanadha, Kesav"]
[Black "Cherniack, Alex"]
[Result "0-1"]
[WhiteElo "1919"]
[BlackElo "2262"]
[PlyCount "114"]
[EventDate "2011.08.17"]
[EventType "swiss"]
[EventRounds "9"]
[EventCountry "USA"]
[SourceDate "2011.08.22"]

1. e4 e6 2. d4 d5 3. Nc3 Bb4 4. e5 c5 5. a3 Bxc3+ 6. bxc3 Ne7 7. Qg4 O-O 8. Bd3
Nbc6 9. Qh5 Ng6 10. Nf3 Qc7 11. Be3 c4 12. Bxg6 fxg6 13. Qg4 Qf7 14. Ng5 Qf5
15. Qe2 Rd8 16. h4 h6 17. Nh3 Bd7 18. g4 Qf7 19. h5 gxh5 20. gxh5 Ne7 21. Nf4
Nf5 22. Qg4 Ba4 23. Kd2 Kf8 24. Rhg1 Ke7 25. Rab1 b6 26. Qg6 Be8 27. Qxf7+ Bxf7
28. Ke2 Kd7 29. Bc1 Kc7 30. a4 Rg8 31. Ba3 Rab8 32. Kd2 Kc6 33. Rb5 Nh4 34. Rg4
g5 35. hxg6 Nxg6 36. Rb1 Nxf4 37. Rxf4 Rb7 38. Rf6 Rg6 39. Rxg6 Bxg6 40. Rg1
Bf5 41. Rh1 Rh7 42. Kd1 h5 43. Rh4 a5 44. Kd2 Bg4 45. f4 Bf5 46. Rh2 h4 47. Ke3
h3 48. Kf3 Rg7 49. Bb2 Rg1 50. Ke3 Rb1 51. Ba3 Ra1 52. Bb2 Ra2 53. Bc1 Rxa4 54.
Kd2 Ra2 55. Kd1 Rxc2 56. Bd2 Rb2 57. Ke1 a4 0-1

[Event "1st Metropolitan International"]
[Site "Los Angeles"]
[Date "2011.08.19"]
[Round "4"]
[White "Wang, Richard"]
[Black "Ravichandran, Siddharth"]
[Result "1/2-1/2"]
[WhiteElo "2240"]
[BlackElo "2387"]
[PlyCount "41"]
[EventDate "2011.08.17"]
[EventType "swiss"]
[EventRounds "9"]
[EventCountry "USA"]
[SourceDate "2011.08.22"]

1. d4 d5 2. Nf3 Nf6 3. e3 Bf5 4. c4 c6 5. Nc3 e6 6. Nh4 Be4 7. f3 Bg6 8. Qb3
Qc7 9. Bd2 Nbd7 10. Rc1 Rc8 11. cxd5 Nxd5 12. Nxd5 exd5 13. g3 Be7 14. Nxg6
hxg6 15. e4 O-O 16. Bh3 dxe4 17. fxe4 Rcd8 18. O-O Nc5 19. Qe3 Ne6 20. Bxe6
fxe6 21. Rxf8+ 1/2-1/2

[Event "1st Metropolitan International"]
[Site "Los Angeles"]
[Date "2011.08.19"]
[Round "4"]
[White "Yanayt, Eugene"]
[Black "Krishnan, Varun"]
[Result "1-0"]
[WhiteElo "2236"]
[BlackElo "2099"]
[PlyCount "79"]
[EventDate "2011.08.17"]
[EventType "swiss"]
[EventRounds "9"]
[EventCountry "USA"]
[SourceDate "2011.08.22"]

1. d4 d5 2. c4 e6 3. Nf3 c6 4. Qc2 Nf6 5. g3 Nbd7 6. Bg2 Be7 7. O-O O-O 8. Rd1
b6 9. Nc3 Bb7 10. b3 c5 11. cxd5 exd5 12. dxc5 bxc5 13. e3 Rc8 14. Bb2 Qb6 15.
Nh4 Qe6 16. Nf5 Rfe8 17. Nxd5 Bxd5 18. Bxd5 Nxd5 19. Nxg7 Qc6 20. Nxe8 Rxe8 21.
Qe4 N7f6 22. Qf5 h6 23. e4 Nb6 24. e5 Ne4 25. h4 Bf8 26. Qf3 Qg6 27. Re1 Nd2
28. Qc3 Rd8 29. Re2 Rd3 30. Qc1 Nf3+ 31. Kh1 Qc6 32. Qf4 Ng5+ 33. Kh2 Nf3+ 34.
Kh3 h5 35. e6 Nd4 36. Qxf7+ Kh8 37. Qxf8+ Kh7 38. Qf7+ Kh8 39. Re5 Rxg3+ 40.
fxg3 1-0

[Event "1st Metropolitan International"]
[Site "Los Angeles"]
[Date "2011.08.19"]
[Round "4"]
[White "Yang, Darwin"]
[Black "Kavutskiy, Konstantin"]
[Result "1-0"]
[WhiteElo "2434"]
[BlackElo "2225"]
[PlyCount "151"]
[EventDate "2011.08.17"]
[EventType "swiss"]
[EventRounds "9"]
[EventCountry "USA"]
[SourceDate "2011.08.22"]

1. d4 Nf6 2. c4 e6 3. Nc3 Bb4 4. e3 O-O 5. Nge2 d5 6. a3 Be7 7. cxd5 exd5 8. b4
c6 9. Ng3 Re8 10. Bd3 Nbd7 11. O-O Nf8 12. b5 c5 13. dxc5 Bxc5 14. Bb2 Ng6 15.
Nce2 Ne5 16. Nf4 Bg4 17. Be2 Qd7 18. Bxe5 Bxe2 19. Qxe2 Rxe5 20. Nd3 Qd6 21.
Nxe5 Qxe5 22. Qd3 g6 23. Rac1 Bb6 24. a4 Rd8 25. Rfe1 h5 26. h3 h4 27. Ne2 Bc7
28. f4 Qd6 29. Nd4 Re8 30. Nf3 Bb6 31. Ne5 Rxe5 32. fxe5 Qxe5 33. Rc8+ Kh7 34.
Qa3 Ne4 35. a5 Qg3 36. Re2 Bc7 37. Rxc7 Qxc7 38. Qb4 Kg8 39. Re1 Qg3 40. Re2
Qc7 41. b6 axb6 42. axb6 Qc6 43. Qb2 Qc5 44. Re1 Ng3 45. Qd4 Qd6 46. Qxh4 Nf5
47. Qf2 Qxb6 48. e4 Qxf2+ 49. Kxf2 dxe4 50. Rxe4 Kf8 51. Ke1 Nd6 52. Re2 Kg7
53. Kd2 Kf6 54. Kd3 Kg5 55. Ke3 Nf5+ 56. Kf2 Nd6 57. Kf3 b5 58. Rd2 Nf5 59. Rd5
Kh4 60. Kf2 b4 61. Rb5 Nh6 62. Rxb4+ Kg5 63. Kf3 f5 64. g3 Nf7 65. h4+ Kh5 66.
Kf4 Nd6 67. Rb8 Kh6 68. h5 g5+ 69. Ke5 Nf7+ 70. Kf6 Kxh5 71. Kxf7 Kg4 72. Kf6
f4 73. gxf4 gxf4 74. Ke5 f3 75. Rf8 Kg3 76. Ke4 1-0

[Event "1st Metropolitan International"]
[Site "Los Angeles"]
[Date "2011.08.19"]
[Round "4"]
[White "Zepeda, Lorena"]
[Black "Morshedi, Ali"]
[Result "0-1"]
[WhiteElo "2187"]
[BlackElo "2238"]
[PlyCount "60"]
[EventDate "2011.08.17"]
[EventType "swiss"]
[EventRounds "9"]
[EventCountry "USA"]
[SourceDate "2011.08.22"]

1. e4 e5 2. Nf3 Nc6 3. Bc4 Nf6 4. d3 Be7 5. O-O O-O 6. c3 d5 7. exd5 Nxd5 8.
Re1 Bg4 9. Nbd2 Bh5 10. Nf1 Nb6 11. Bb3 Qd6 12. Ng3 Bg6 13. Ne4 Qd7 14. Be3
Rad8 15. Bc2 Nd5 16. Bc5 f5 17. Bxe7 Qxe7 18. Ng3 Qf6 19. Ba4 Nf4 20. Qb3+ Bf7
21. Qxb7 Bd5 22. Bb3 Nxd3 23. Red1 Bxb3 24. Qxb3+ Kh8 25. Rd2 e4 26. Ne1 Nc5
27. Qc2 Rxd2 28. Qxd2 f4 29. Ne2 e3 30. fxe3 fxe3 0-1

[Event "1st Metropolitan International"]
[Site "Los Angeles"]
[Date "2011.08.19"]
[Round "4"]
[White "Zepeda, Sonia"]
[Black "Hamzah, Amier"]
[Result "1-0"]
[WhiteElo "2068"]
[BlackElo "1800"]
[PlyCount "83"]
[EventDate "2011.08.17"]
[EventType "swiss"]
[EventRounds "9"]
[EventCountry "USA"]
[SourceDate "2011.08.22"]

1. e4 e6 2. d3 d5 3. Nd2 c5 4. Ngf3 Nc6 5. g3 Bd6 6. Bg2 Nge7 7. O-O b6 8. Re1
f6 9. c3 O-O 10. Nf1 dxe4 11. dxe4 e5 12. Ne3 Be6 13. Qc2 Rc8 14. Rd1 Ng6 15.
h4 Rf7 16. h5 Nf8 17. Nh4 g6 18. Bf3 Bh3 19. Kh2 Be6 20. Qe2 Ne7 21. Nc4 Bxc4
22. Qxc4 Qd7 23. Be3 Rd8 24. Rd2 b5 25. Qe2 Qc6 26. Rad1 a6 27. Bh6 Ne6 28. Bg4
Ng7 29. Bxg7 Kxg7 30. Be6 Rff8 31. Qg4 c4 32. hxg6 hxg6 33. Kg1 Rh8 34. a3 Rh6
35. Bd5 Qb6 36. Qe6 Rf8 37. Bxc4 Bc5 38. Qxb6 Bxb6 39. Be6 Rfh8 40. Rd7 Kf8 41.
R1d6 Nc8 42. Rc6 1-0

[Event "1st Metropolitan International"]
[Site "Los Angeles"]
[Date "2011.08.19"]
[Round "5"]
[White "Abrahamyan, Tatev"]
[Black "Mateer, Amanda"]
[Result "1-0"]
[WhiteElo "2343"]
[BlackElo "2096"]
[PlyCount "61"]
[EventDate "2011.08.17"]
[EventType "swiss"]
[EventRounds "9"]
[EventCountry "USA"]
[SourceDate "2011.08.22"]

1. e4 c5 2. Nf3 e6 3. d4 cxd4 4. Nxd4 a6 5. Bd3 Bc5 6. Nb3 Be7 7. Qg4 g6 8. Qe2
d6 9. O-O Nd7 10. Na3 Ne5 11. f4 Nxd3 12. cxd3 Nf6 13. Be3 b5 14. Bd2 O-O 15.
Ba5 Qd7 16. Rac1 Bd8 17. Qd2 Bb7 18. f5 exf5 19. exf5 Bd5 20. Bxd8 Raxd8 21.
Nd4 Qa7 22. Nac2 Rc8 23. Kh1 Kg7 24. Qf4 Qd7 25. Rce1 h6 26. Ne3 Rce8 27. a3
Re5 28. fxg6 fxg6 29. Nxd5 Rxe1 30. Rxe1 Nxd5 31. Ne6+ 1-0

[Event "1st Metropolitan International"]
[Site "Los Angeles"]
[Date "2011.08.19"]
[Round "5"]
[White "Akobian, Varuzhan"]
[Black "Matikozyan, Andranik"]
[Result "1/2-1/2"]
[WhiteElo "2613"]
[BlackElo "2451"]
[PlyCount "52"]
[EventDate "2011.08.17"]
[EventType "swiss"]
[EventRounds "9"]
[EventCountry "USA"]
[SourceDate "2011.08.22"]

1. d4 Nf6 2. c4 g6 3. Nc3 Bg7 4. e4 d6 5. f3 O-O 6. Be3 Nc6 7. Nge2 a6 8. Qd2
Rb8 9. Rc1 Bd7 10. Nd1 b5 11. c5 e6 12. g3 Ne7 13. Nf2 b4 14. Nf4 a5 15. Be2
Bb5 16. Bxb5 Rxb5 17. cxd6 cxd6 18. O-O Qd7 19. b3 Rbb8 20. Rc2 Rfc8 21. Rfc1
Rxc2 22. Rxc2 Rc8 23. Kg2 Rxc2 24. Qxc2 Qc6 25. Qxc6 Nxc6 26. N2d3 d5 1/2-1/2

[Event "1st Metropolitan International"]
[Site "Los Angeles"]
[Date "2011.08.19"]
[Round "5"]
[White "Akopyan, Harutyun"]
[Black "Kretchetov, Alexandre"]
[Result "1/2-1/2"]
[WhiteElo "2213"]
[BlackElo "2340"]
[PlyCount "45"]
[EventDate "2011.08.17"]
[EventType "swiss"]
[EventRounds "9"]
[EventCountry "USA"]
[SourceDate "2011.08.22"]

1. e4 e5 2. Nf3 Nc6 3. d4 exd4 4. Nxd4 Bc5 5. Nb3 Bb4+ 6. Bd2 a5 7. Bc4 Nf6 8.
O-O O-O 9. Bg5 h6 10. Bh4 Ne5 11. Bd3 a4 12. Nd4 Re8 13. c3 Bc5 14. Re1 d5 15.
Bb5 c6 16. Bxa4 g5 17. Bg3 dxe4 18. Bxe5 Rxe5 19. Bb3 Qe7 20. Qe2 Bg4 21. Qe3
Nd5 22. Qg3 Bd7 23. Nd2 1/2-1/2

[Event "1st Metropolitan International"]
[Site "Los Angeles"]
[Date "2011.08.19"]
[Round "5"]
[White "Amanov, Mesgen"]
[Black "Adams, Michael"]
[Result "0-1"]
[WhiteElo "2544"]
[BlackElo "2715"]
[PlyCount "56"]
[EventDate "2011.08.17"]
[EventType "swiss"]
[EventRounds "9"]
[EventCountry "USA"]
[SourceDate "2011.08.22"]

1. d4 Nf6 2. c4 e6 3. Nc3 Bb4 4. e3 O-O 5. Nge2 d5 6. a3 Be7 7. cxd5 exd5 8. h3
c6 9. g4 Na6 10. Bg2 Ne8 11. O-O Nd6 12. f4 Nc7 13. Bd2 Re8 14. Qc2 h6 15. Nc1
f5 16. Bf3 Nc4 17. Nd3 Bd6 18. Rae1 Qh4 19. Kg2 fxg4 20. hxg4 Bxg4 21. Rh1
Bxf3+ 22. Kxf3 Qf6 23. Nf2 Ne6 24. b3 Bxf4 25. Ng4 Nxd4+ 26. exd4 Nxd2+ 27.
Qxd2 Bxd2+ 28. Nxf6+ gxf6 0-1

[Event "1st Metropolitan International"]
[Site "Los Angeles"]
[Date "2011.08.19"]
[Round "5"]
[White "Amanov, Zhanibek"]
[Black "Gareev, Timur"]
[Result "1/2-1/2"]
[WhiteElo "2382"]
[BlackElo "2613"]
[PlyCount "107"]
[EventDate "2011.08.17"]
[EventType "swiss"]
[EventRounds "9"]
[EventCountry "USA"]
[SourceDate "2011.08.22"]

1. c4 e5 2. g3 Nc6 3. Bg2 g6 4. Nc3 Bg7 5. e3 d6 6. Nge2 Nf6 7. O-O O-O 8. d4
exd4 9. Nxd4 Bg4 10. Nde2 Qd7 11. f3 Be6 12. Nd5 Ne5 13. b3 c6 14. Nxf6+ Bxf6
15. Rb1 Qe7 16. e4 d5 17. f4 Qc5+ 18. Kh1 Ng4 19. e5 Bf5 20. Rb2 dxc4 21. b4
Qb6 22. exf6 Rad8 23. Qe1 Rfe8 24. h3 Ne3 25. Bxe3 Qxe3 26. g4 Bd3 27. Qh4 Kh8
28. Rf3 Qe6 29. f5 Qe5 30. fxg6 Bxg6 31. Qh6 Rd1+ 32. Ng1 Rg8 33. Rd2 Rxd2 34.
Qxd2 Bd3 35. Qe3 Re8 36. Qh6 Rg8 37. Re3 Qb8 38. Nf3 Rg6 39. Qh4 Qf4 40. Re8+
Rg8 41. Re1 Rg6 42. Ng5 Rxf6 43. Ne4 Re6 44. Nc5 Rxe1+ 45. Qxe1 Qd4 46. Qe7 Kg8
47. Nd7 Kg7 48. Qf8+ Kg6 49. Qg8+ Kh6 50. h4 Qf4 51. Qf8+ Kg6 52. Qg8+ Kh6 53.
Qf8+ Kg6 54. Qg8+ 1/2-1/2

[Event "1st Metropolitan International"]
[Site "Los Angeles"]
[Date "2011.08.19"]
[Round "5"]
[White "Banawa, Joel"]
[Black "Sevillano, Enrico"]
[Result "0-1"]
[WhiteElo "2374"]
[BlackElo "2492"]
[PlyCount "118"]
[EventDate "2011.08.17"]
[EventType "swiss"]
[EventRounds "9"]
[EventCountry "USA"]
[SourceDate "2011.08.22"]

1. e4 e6 2. d4 d5 3. Nd2 Nf6 4. e5 Nfd7 5. c3 c5 6. Ngf3 Nc6 7. Bd3 Be7 8. O-O
a5 9. a4 cxd4 10. cxd4 Nb4 11. Bb5 O-O 12. Nb1 Nb6 13. Nc3 Bd7 14. b3 Nc8 15.
Bd2 Na7 16. Bxd7 Qxd7 17. Qe2 Rfc8 18. Rfc1 b6 19. g3 Rc7 20. Kg2 Rac8 21. h4
Rc6 22. Ne1 Qb7 23. f4 Qa6 24. Kf2 f5 25. Nb5 Rxc1 26. Rxc1 Rxc1 27. Bxc1 Nxb5
28. Qxb5 Kf7 29. Qd7 Nd3+ 30. Nxd3 Qxd3 31. Be3 Qxb3 32. Kf3 Qc2 33. Qb5 Qc4
34. Qd7 Qf1+ 35. Bf2 Qh1+ 36. Ke2 Qe4+ 37. Be3 h6 38. Kf2 Qc2+ 39. Kg1 Qb2 40.
Kf1 Qc2 41. Kg1 Qe2 42. Bf2 Qa6 43. Qc6 g6 44. Kg2 Qc4 45. Qd7 Qc2 46. Kg1 Qb1+
47. Kg2 Qb2 48. Qc6 Qb3 49. Qd7 Qb4 50. Be3 h5 51. Bf2 Qc4 52. Be3 Qe2+ 53. Bf2
Qa6 54. Qc6 Qa7 55. Be1 Bd8 56. Kf3 Qc7 57. Qb5 Ke7 58. Ke3 Qc1+ 59. Bd2 Qg1+
0-1

[Event "1st Metropolitan International"]
[Site "Los Angeles"]
[Date "2011.08.19"]
[Round "5"]
[White "Barnett, Alex"]
[Black "Peters, Jack"]
[Result "1-0"]
[WhiteElo "2254"]
[BlackElo "2377"]
[PlyCount "65"]
[EventDate "2011.08.17"]
[EventType "swiss"]
[EventRounds "9"]
[EventCountry "USA"]
[SourceDate "2011.08.22"]

1. e4 c5 2. Nf3 Nc6 3. Nc3 e6 4. d4 cxd4 5. Nxd4 a6 6. Nxc6 bxc6 7. Bd3 e5 8.
f4 d6 9. Bc4 Qc7 10. fxe5 dxe5 11. Bg5 h6 12. Qh5 g6 13. Qh4 Be7 14. Bxe7 Qxe7
15. Qf2 Qa7 16. Qg3 Qc5 17. Rf1 Ra7 18. O-O-O Rh7 19. Bb3 Qe7 20. Qf2 Be6 21.
Bxe6 fxe6 22. Qb6 Qc7 23. Qb3 Qc8 24. Na4 Rae7 25. Qg3 Rhg7 26. Nb6 Qc7 27. Nc4
Rd7 28. Rxd7 Kxd7 29. Nxe5+ Ke8 30. Qf4 Qd6 31. Rd1 Qc7 32. Rf1 Qd6 33. Nxc6
1-0

[Event "1st Metropolitan International"]
[Site "Los Angeles"]
[Date "2011.08.19"]
[Round "5"]
[White "Bercys, Salvijus"]
[Black "Chen, Howard Jed"]
[Result "1/2-1/2"]
[WhiteElo "2487"]
[BlackElo "2293"]
[PlyCount "48"]
[EventDate "2011.08.17"]
[EventType "swiss"]
[EventRounds "9"]
[EventCountry "USA"]
[SourceDate "2011.08.22"]

1. d4 g6 2. c4 Bg7 3. e4 d6 4. Nc3 e5 5. Be3 Nc6 6. d5 Nce7 7. g4 f5 8. gxf5
gxf5 9. Qh5+ Kf8 10. exf5 Nf6 11. Qf3 Nxf5 12. Bh3 e4 13. Qe2 Qe7 14. O-O-O Kf7
15. Qd2 c6 16. dxc6 bxc6 17. Bxf5 Bxf5 18. Qxd6 Qxd6 19. Rxd6 Ng4 20. Rxc6 Rhc8
21. Rxc8 Rxc8 22. Nge2 Rxc4 23. Bxa7 Bh6+ 24. Kd1 e3 1/2-1/2

[Event "1st Metropolitan International"]
[Site "Los Angeles"]
[Date "2011.08.19"]
[Round "5"]
[White "Bodek, Michael"]
[Black "Piasetski, Leon"]
[Result "1-0"]
[WhiteElo "2191"]
[BlackElo "2289"]
[PlyCount "47"]
[EventDate "2011.08.17"]
[EventType "swiss"]
[EventRounds "9"]
[EventCountry "USA"]
[SourceDate "2011.08.22"]

1. e4 c5 2. Nf3 e6 3. d4 cxd4 4. Nxd4 a6 5. Bd3 Bc5 6. Nb3 Be7 7. Nc3 d6 8. O-O
Nf6 9. Qe2 Nc6 10. f4 Qc7 11. Bd2 O-O 12. Rae1 Re8 13. e5 Nd7 14. exd6 Bxd6 15.
Nd5 Qd8 16. Bc3 Ne7 17. Qe4 Nf5 18. Ne3 Nc5 19. Nxc5 Bxc5 20. g4 Bd7 21. gxf5
exf5 22. Qd5 Qb6 23. Qxd7 Bxe3+ 24. Kg2 1-0

[Event "1st Metropolitan International"]
[Site "Los Angeles"]
[Date "2011.08.19"]
[Round "5"]
[White "Brown, Michael W."]
[Black "Rensch, Daniel"]
[Result "0-1"]
[WhiteElo "2121"]
[BlackElo "2410"]
[PlyCount "108"]
[EventDate "2011.08.17"]
[EventType "swiss"]
[EventRounds "9"]
[EventCountry "USA"]
[SourceDate "2011.08.22"]

1. d4 Nf6 2. c4 e6 3. Nc3 Bb4 4. Qc2 O-O 5. a3 Bxc3+ 6. Qxc3 h6 7. Bf4 d6 8. e3
b6 9. Bd3 Bb7 10. f3 Nbd7 11. Ne2 e5 12. Bg3 e4 13. fxe4 Nxe4 14. Bxe4 Bxe4 15.
O-O Qe7 16. Qd2 Rfe8 17. Nc3 Nf8 18. Rae1 a6 19. d5 Ng6 20. Qd4 h5 21. Re2 f6
22. b4 h4 23. Be1 Qe5 24. Nxe4 Qxe4 25. Bc3 Qxd4 26. Bxd4 Re4 27. Rc2 a5 28.
Rc3 axb4 29. axb4 Ne7 30. Kf2 Nf5 31. Kf3 Ree8 32. Rd1 Ra2 33. h3 Rb2 34. b5
Ra2 35. e4 Nh6 36. Bf2 Nf7 37. Bxh4 Ne5+ 38. Ke3 Rxg2 39. Kd4 Ra8 40. Bg3 Raa2
41. Bf4 Kf7 42. Re3 g5 43. Bg3 Kg6 44. Rc1 Nd7 45. Rcc3 Nc5 46. Rc1 Rad2+ 47.
Kc3 Rde2 48. Re1 Rc2+ 49. Kb4 Rb2+ 50. Ka3 Ra2+ 51. Kb4 Rgb2+ 52. Kc3 Rb3+ 53.
Kd4 Rd2+ 54. Rd3 Rbxd3# 0-1

[Event "1st Metropolitan International"]
[Site "Los Angeles"]
[Date "2011.08.19"]
[Round "5"]
[White "Cherniack, Alex"]
[Black "Heiserman, Jimmy"]
[Result "0-1"]
[WhiteElo "2262"]
[BlackElo "2111"]
[PlyCount "132"]
[EventDate "2011.08.17"]
[EventType "swiss"]
[EventRounds "9"]
[EventCountry "USA"]
[SourceDate "2011.08.22"]

1. d4 Nf6 2. c4 g6 3. Nc3 d5 4. Nf3 Bg7 5. Qb3 dxc4 6. Qxc4 O-O 7. e4 Na6 8.
Bf4 c5 9. Rd1 cxd4 10. Rxd4 Qb6 11. Qb5 Bg4 12. Be5 Rac8 13. Qxb6 axb6 14. Ra4
Nc5 15. Rb4 Rfd8 16. h3 Bxf3 17. gxf3 Bh6 18. Be2 Bd2+ 19. Kf1 Nfd7 20. Bd4 Ne6
21. Be3 Bxc3 22. bxc3 Rxc3 23. Bb5 Nf6 24. Kg2 Nh5 25. e5 Rd5 26. f4 Nhxf4+ 27.
Bxf4 Nxf4+ 28. Rxf4 Rxb5 29. Re1 Rb2 30. e6 f5 31. Rd4 Rcc2 32. Rd7 Rxf2+ 33.
Kg3 Rfe2 34. Rxe2 Rxe2 35. Rxe7 h6 36. h4 Rxa2 37. Kf4 Re2 38. h5 Re4+ 39. Kg3
g5 40. Kf3 Re5 41. Rf7 Rxe6 42. Rxf5 Kg7 43. Rd5 Kf6 44. Rd7 Kf5 45. Rf7+ Rf6
46. Rxb7 g4+ 47. Kg3 Kg5 48. Rd7 Rf3+ 49. Kg2 Kxh5 50. Rd5+ Kh4 51. Rd6 h5 52.
Rxb6 Rc3 53. Rb2 Rc4 54. Ra2 Rc5 55. Rb2 Kg5 56. Rb8 Rc2+ 57. Kg1 Kh4 58. Rb4
Kh3 59. Rb3+ g3 60. Rb1 h4 61. Ra1 Rc4 62. Rb1 Kg4 63. Ra1 h3 64. Rb1 h2+ 65.
Kg2 Rc2+ 66. Kh1 Kh3 0-1

[Event "1st Metropolitan International"]
[Site "Los Angeles"]
[Date "2011.08.19"]
[Round "5"]
[White "Chua, Alexander"]
[Black "Tanaka, Christian"]
[Result "1-0"]
[WhiteElo "2278"]
[BlackElo "2098"]
[PlyCount "93"]
[EventDate "2011.08.17"]
[EventType "swiss"]
[EventRounds "9"]
[EventCountry "USA"]
[SourceDate "2011.08.22"]

1. d4 Nf6 2. c4 e5 3. dxe5 Ng4 4. Bf4 g5 5. Bg3 Bg7 6. Nc3 Nxe5 7. e3 d6 8. h4
h6 9. hxg5 hxg5 10. Rxh8+ Bxh8 11. Qh5 Bg7 12. Nh3 g4 13. Nf4 Na6 14. O-O-O Qf6
15. c5 Nb4 16. a3 a5 17. Bh4 Qf5 18. Qxf5 Bxf5 19. Nb5 Na6 20. cxd6 c6 21. Nc7+
Nxc7 22. dxc7 Nd7 23. e4 Bh6 24. Bg3 Be6 25. Be2 Rc8 26. Rh1 Bxf4+ 27. Bxf4 Nc5
28. f3 b5 29. fxg4 Na6 30. g5 Nxc7 31. Rh7 Na6 32. Bd6 Kd7 33. e5 Rg8 34. Bh5
Rxg5 35. Bxf7 Bxf7 36. Rxf7+ Ke6 37. Ra7 Nc5 38. Bxc5 Kxe5 39. Rxa5 Rxg2 40.
Ra8 Kd5 41. Bb4 Kc4 42. Rc8 Kb3 43. Bc3 Rg6 44. Kd2 Kc4 45. Kc2 Rg2+ 46. Bd2 c5
47. b4 1-0

[Event "1st Metropolitan International"]
[Site "Los Angeles"]
[Date "2011.08.19"]
[Round "5"]
[White "Duckworth, William"]
[Black "Yanayt, Eugene"]
[Result "1/2-1/2"]
[WhiteElo "2352"]
[BlackElo "2236"]
[PlyCount "112"]
[EventDate "2011.08.17"]
[EventType "swiss"]
[EventRounds "9"]
[EventCountry "USA"]
[SourceDate "2011.08.22"]

1. d4 Nf6 2. c4 g6 3. Nc3 Bg7 4. e4 d6 5. f4 O-O 6. Nf3 c5 7. d5 e6 8. Be2 exd5
9. exd5 Bf5 10. O-O Na6 11. Bd3 Qd7 12. a3 Nc7 13. Nh4 Bxd3 14. Qxd3 Ng4 15.
Nf3 f5 16. Bd2 Rfe8 17. Rae1 Rxe1 18. Rxe1 Re8 19. Nd1 Rxe1+ 20. Bxe1 Qe8 21.
Bc3 Bxc3 22. Nxc3 Qe3+ 23. Qxe3 Nxe3 24. Nd2 Kf7 25. Kf2 Ng4+ 26. Kg3 h6 27. h3
Nf6 28. Kf3 b5 29. cxb5 Nfxd5 30. Nxd5 Nxd5 31. Nc4 Ke6 32. a4 Nb6 33. b3 Nxc4
34. bxc4 Kd7 35. a5 Kc7 36. g4 Kb7 37. Kg3 Kb8 38. gxf5 gxf5 39. Kh4 d5 40.
cxd5 c4 41. d6 c3 42. d7 Kc7 43. b6+ axb6 44. a6 c2 45. a7 c1=Q 46. d8=Q+ Kxd8
47. a8=Q+ Qc8 48. Qd5+ Ke7 49. Qe5+ Kf7 50. Kh5 Qe6 51. Qc7+ Kg8 52. Qd8+ Kg7
53. Qd4+ Qf6 54. h4 b5 55. Qg1+ Kf7 56. Qg8+ Kxg8 1/2-1/2

[Event "1st Metropolitan International"]
[Site "Los Angeles"]
[Date "2011.08.19"]
[Round "5"]
[White "Gurevich, Dmitry"]
[Black "Adamson, Robby"]
[Result "1-0"]
[WhiteElo "2479"]
[BlackElo "2324"]
[PlyCount "137"]
[EventDate "2011.08.17"]
[EventType "swiss"]
[EventRounds "9"]
[EventCountry "USA"]
[SourceDate "2011.08.22"]

1. d4 Nf6 2. c4 e6 3. Nf3 Bb4+ 4. Nbd2 b6 5. a3 Bxd2+ 6. Qxd2 Bb7 7. e3 O-O 8.
Be2 d6 9. b3 Nbd7 10. Bb2 Ne4 11. Qd3 f5 12. O-O Qe7 13. Ne1 Rae8 14. f3 Ng5
15. Qc3 Rf6 16. Rf2 Rg6 17. Kh1 Nf6 18. Bd3 Rh6 19. d5 Qf7 20. Qd2 Qh5 21. h3
exd5 22. Bxf6 Rxf6 23. cxd5 Bxd5 24. Bb5 c6 25. Rc1 Nxh3 26. gxh3 Qxh3+ 27. Kg1
Rh6 28. Rg2 Bxf3 29. Nxf3 Qxf3 30. Bxc6 Qxe3+ 31. Qxe3 Rxe3 32. Bd5+ Kf8 33.
Rc7 Re1+ 34. Kf2 Re5 35. Rc8+ Ke7 36. Rxg7+ Kf6 37. Rf7+ Kg5 38. Bf3 a5 39.
Rg7+ Kf6 40. Rd7 Kg5 41. a4 b5 42. Rc1 Rh2+ 43. Bg2 bxa4 44. bxa4 Rh4 45. Rg1
Rd4 46. Rxh7 Rd2+ 47. Kg3 Ra2 48. Bf3 Kg6 49. Rh4 Kf6 50. Rd4 Ra3 51. Kf4 Re6
52. Rh1 Kg6 53. Bc6 Rc3 54. Bd7 Rf6 55. Rhd1 Rh3 56. Rxd6 Rh4+ 57. Kg3 Rb4 58.
Rxf6+ Kxf6 59. Rd5 Ke7 60. Bc6 Rc4 61. Bb5 Rg4+ 62. Kf3 Ke6 63. Rc5 Rb4 64. Ke3
Kf6 65. Bd7 Ke7 66. Rd5 Rc4 67. Bb5 Re4+ 68. Kd3 Kf6 69. Bc4 1-0

[Event "1st Metropolitan International"]
[Site "Los Angeles"]
[Date "2011.08.19"]
[Round "5"]
[White "Haessel, Dale"]
[Black "Zepeda, Sonia"]
[Result "1-0"]
[WhiteElo "2211"]
[BlackElo "2068"]
[PlyCount "93"]
[EventDate "2011.08.17"]
[EventType "swiss"]
[EventRounds "9"]
[EventCountry "USA"]
[SourceDate "2011.08.22"]

1. d4 d5 2. Nf3 e6 3. c4 c6 4. Nc3 dxc4 5. a4 Bb4 6. e3 b5 7. Nd2 Bb7 8. axb5
Bxc3 9. bxc3 cxb5 10. Rb1 Bc6 11. Ba3 Ne7 12. Be2 O-O 13. O-O a6 14. Qc2 Re8
15. e4 Nd7 16. f4 Nf8 17. Bf3 Qc7 18. g3 Rad8 19. Bg2 Ba8 20. Rf2 Rd7 21. h4
Red8 22. h5 Nc6 23. Bc5 Ne7 24. g4 Nc8 25. f5 Qg3 26. Nf3 Rc7 27. Bb4 Qxg4 28.
Ne5 Qxh5 29. Rbf1 f6 30. Bxf8 Rxf8 31. fxe6 Nb6 32. Rf5 Qe8 33. d5 Qe7 34. Qd1
Nc8 35. Ng4 Qc5+ 36. R5f2 Re7 37. Qf3 Ree8 38. Kh1 Qd6 39. Ne3 Ne7 40. Ng4 Ng6
41. Ne3 Ne7 42. Bh3 g6 43. Qg2 Kg7 44. Rxf6 Rxf6 45. Rxf6 Qe5 46. Rf7+ Kh8 47.
Ng4 1-0

[Event "1st Metropolitan International"]
[Site "Los Angeles"]
[Date "2011.08.19"]
[Round "5"]
[White "Hafizulhilmi, Mas"]
[Black "Phillips, Jeff"]
[Result "1-0"]
[WhiteElo "2420"]
[BlackElo "2071"]
[PlyCount "93"]
[EventDate "2011.08.17"]
[EventType "swiss"]
[EventRounds "9"]
[EventCountry "USA"]
[SourceDate "2011.08.22"]

1. e4 g6 2. d4 Bg7 3. Nc3 c6 4. f4 d5 5. e5 h5 6. Nf3 Nh6 7. Be3 Bg4 8. h3 Bxf3
9. Qxf3 Nf5 10. Bf2 h4 11. Bd3 e6 12. O-O Nd7 13. Ne2 Bf8 14. b3 Ba3 15. c4 Qa5
16. Be1 Qb6 17. c5 Nxd4 18. cxb6 Nxf3+ 19. Rxf3 axb6 20. Bc3 c5 21. Rd1 Nb8 22.
Kh2 Nc6 23. Rf2 d4 24. Be1 Bb4 25. Nc1 Bxe1 26. Rxe1 Nb4 27. Be4 Ra7 28. a4 Ke7
29. Nd3 Nd5 30. Nb2 Ne3 31. Rc1 g5 32. b4 g4 33. Rd2 g3+ 34. Kg1 Rc8 35. Rxd4
cxd4 36. Rxc8 b5 37. Rc7+ Kd8 38. Rxb7 Rxb7 39. Bxb7 bxa4 40. Nxa4 d3 41. Nb2
d2 42. Bf3 Kc7 43. Nd1 Nc2 44. Kf1 Nd4 45. Bh5 Kb6 46. Nc3 Nb5 47. Ne4 1-0